Top 20 Steel Producing Countries Quiz Stats

 Plays Quiz not verified by Sporcle

Challenge
Share
Tweet
Embed
Score 0/20 Timer 08:00
1 Play Today
Answer % Correct
China
98.9%
United States
98.9%
Russia
96.6%
Brazil
96.6%
Mexico
96.6%
United Kingdom
96.6%
Germany
95.5%
France
95.5%
India
93.3%
Japan
91%
Answer % Correct
Canada
89.9%
Italy
88.8%
Ukraine
87.6%
Spain
86.5%
Poland
85.4%
South Korea
73%
Turkey
73%
Iran
67.4%
Belgium
60.7%
Austria
56.2%

You're not logged in!

Compare scores with friends on all Sporcle quizzes.
OR
Log In

You Might Also Like...

Show Comments

Extras

Top Quizzes Today


Score Distribution

Your Account Isn't Verified!

In order to create a playlist on Sporcle, you need to verify the email address you used during registration. Go to your Sporcle Settings to finish the process.

Report this User

Report this user for behavior that violates our Community Guidelines.

Details: